| 000 | 00761nam a2200217 a 4500 | ||
|---|---|---|---|
| 008 | 120416s1978 ||||||||||||||||| || u | ||
| 020 | _a0395254353 | ||
| 050 | _aHF 5686.C8 Con | ||
| 100 | _aAnton, Hector R | ||
| 245 | 1 | 0 |
_aContemporary issues in cost accounting _cedited by Hector R. Anton |
| 246 | _aa discipline in transition | ||
| 250 | _a3rd. ed. | ||
| 260 |
_aDallas _bHoughton Mifflin _c1978 |
||
| 300 | _axii, 597p. : ill. | ||
| 350 | _a0.00 | ||
| 650 | 0 | _aACCOUNTING--HANDBOOKS, MANUALS, ETC | |
| 650 | 0 | _aCOST ACCOUNTING | |
| 700 | _aGrove, Hugh D | ||
| 700 | _aFirmin, Peter A | ||
| 995 |
_D0.00 _FCBU-MAIN LIBRARY (Kitwe) _H1 _I40.50 _M1 _UAVAILABLE _ZAnnex Low-Usage Collection |
||
| 999 |
_c38641 _d38641 |
||